000 00400 a2200157 4500
003 NUST
005 20230308191812.0
040 _cNust
082 _a891.439,QAS
100 _aQasmi, Ahmed Nadeem
_925476
245 _adar o diwar /درودیوار (Urdu) /
_cAhmed Nadeem Qasmi
260 _aLahore
_bAsateer
_c1991
300 _a160 p.
650 _aUrdu Literature
942 _2ddc
_cBK
_k891.439,QAS
999 _c187854
_d187854